<?xml version="1.0" encoding="UTF-8"?><?xml-stylesheet type="text/xsl" href="static/style.xsl"?><OAI-PMH xmlns="http://www.openarchives.org/OAI/2.0/" xmlns:xsi="http://www.w3.org/2001/XMLSchema-instance" xsi:schemaLocation="http://www.openarchives.org/OAI/2.0/ http://www.openarchives.org/OAI/2.0/OAI-PMH.xsd"><responseDate>2026-04-13T13:42:12Z</responseDate><request verb="GetRecord" identifier="oai:www.recercat.cat:10256/21118" metadataPrefix="marc">https://recercat.cat/oai/request</request><GetRecord><record><header><identifier>oai:recercat.cat:10256/21118</identifier><datestamp>2024-06-06T08:08:46Z</datestamp><setSpec>com_2072_452966</setSpec><setSpec>com_2072_2054</setSpec><setSpec>col_2072_452969</setSpec></header><metadata><record xmlns="http://www.loc.gov/MARC21/slim" xmlns:dcterms="http://purl.org/dc/terms/" xmlns:xsi="http://www.w3.org/2001/XMLSchema-instance" xmlns:doc="http://www.lyncode.com/xoai" xsi:schemaLocation="http://www.loc.gov/MARC21/slim http://www.loc.gov/standards/marcxml/schema/MARC21slim.xsd">
   <leader>00925njm 22002777a 4500</leader>
   <datafield ind2=" " ind1=" " tag="042">
      <subfield code="a">dc</subfield>
   </datafield>
   <datafield ind2=" " ind1=" " tag="720">
      <subfield code="a">Martínez Mach, Aida</subfield>
      <subfield code="e">author</subfield>
   </datafield>
   <datafield ind2=" " ind1=" " tag="260">
      <subfield code="c">2019-06-01</subfield>
   </datafield>
   <datafield ind2=" " ind1=" " tag="520">
      <subfield code="a">Des de fa molts anys s’ha utilitzat el formigó armat com a principal material de&#xd;
construcció d’edificis o infraestructures. El formigó, un material compost que s’obté de&#xd;
la mescla d’àrids, ciment i aigua, és capaç d’aguantar esforços de compressió de&#xd;
manera efectiva, però per contra no resisteix bé els esforços de tracció. Per solucionar&#xd;
aquest problema es combina el formigó amb barres d’acer que treballa molt bé a&#xd;
tracció.&#xd;
Així, l’acer s’encarrega de resistir la major part dels esforços de tracció i la secció de&#xd;
formigó s’encarrega de resistir les compressions de l’estructura</subfield>
   </datafield>
   <datafield ind2=" " ind1=" " tag="520">
      <subfield code="a">Reinforced concrete has been used as the main material for many years&#xd;
construction of buildings or infrastructure. Concrete, a composite material obtained from&#xd;
the mixture of aggregates, cement and water, is able to withstand compressive forces of&#xd;
effectively, but on the contrary does not withstand tensile stresses well. To solve&#xd;
This problem combines concrete with steel bars that work very well in&#xd;
traction.&#xd;
Thus, the steel is responsible for withstanding most of the tensile stresses and the section of&#xd;
concrete is responsible for resisting the compressions of the structure</subfield>
   </datafield>
   <datafield ind1="8" ind2=" " tag="024">
      <subfield code="a">http://hdl.handle.net/10256/21118</subfield>
   </datafield>
   <datafield tag="653" ind2=" " ind1=" ">
      <subfield code="a">Construcció en formigó armat</subfield>
   </datafield>
   <datafield tag="653" ind2=" " ind1=" ">
      <subfield code="a">Reinforced concrete construction</subfield>
   </datafield>
   <datafield tag="653" ind2=" " ind1=" ">
      <subfield code="a">Formigó armat</subfield>
   </datafield>
   <datafield tag="653" ind2=" " ind1=" ">
      <subfield code="a">Reinforced concrete</subfield>
   </datafield>
   <datafield ind2="0" ind1="0" tag="245">
      <subfield code="a">Anàlisi no lineal d’elements a flexió de formigó armat amb possibilitat d’emprar diferents lleis per al formigó i els reforços</subfield>
   </datafield>
</record></metadata></record></GetRecord></OAI-PMH>